• 首页
  • 本馆介绍
  • 公告通知
  • 最新文献
  • 馆藏检索
  • 电子资源
  • 读者导购
  • 参考咨询
  • 我的图书馆
  • 登录
  • 详细信息显示
  • 放入我的书架
  • 预约/预借图书
  • 作者相关作品
  • 分类相关作品
  • 丛书相关作品
  • 出版社相关作品

书目信息

  • 表格格式
  • 工作单格式
  • 卡片格式
题名:
历史
    
 
作者: 莫兰黛 著 ;徐春青 , 万子美 , 袁华清 译
分册: 下  
出版信息: 北京   外国文学出版社  1980.10
页数: 469-855页
开本: 19cm
丛书名:
单 册:
中图分类: I546.4
科图分类:
主题词: 文学
电子资源:
ISBN:
000 00749nam0 2200253 45
001 0181020990
005 20060913161310.03
010    @dCNY2.00
091    @a10208.30
100    @a20810111d km y0chiy0120 ea
101 0  @achi
105    @a z 000ay
200 1  @a历史@ALi Shi@e长篇小说@EChang Pian Xiao Shuo@h下@f(意)莫兰黛著@F(Yi)MoLan Dai Zhu@g万子美,袁华清,徐春青译
210    @a北京@c外国文学出版社@d1980.10
215    @a469-855页@d19cm
517    @a长篇小说@AChang Pian Xiao Shuo
606 0  @a文学
690    @aI546.4@v3
701  0 @a莫兰黛@4著
702  0 @a徐春青@AXu Chun Qing@4译
702  0 @a万子美@AWan Zi Mei@4译
702  0 @a袁华清@AYuan Hua Qing@4译
801    @aCN@bTSTC@c20060913
905    @dI546.4@e290:2@f1@b34344
    
    历史:长篇小说.下/(意)莫兰黛著/万子美,袁华清,徐春青译.-北京:外国文学出版社,1980.10
    469-855页;19cm
    
    
    ISBN :CNY2.00
    
●
相关链接 在E读中查询图书 在五车中查询图书 在当当中查询图书 在豆瓣中查询图书


正题名:历史     索取号:I546.4/290:2         预约/预借

序号 登录号 条形码 馆藏地/架位号 状态 备注
1 0034343   001907921   密集书库/ [索取号:I546.4/290:2] 在馆    
2 0034344   001921406   密集书库/ [索取号:I546.4/290:2] 在馆    
3 0474164   204741645   密集书库/ [索取号:I546.4/290:2] 在馆    
4 0474348   204743484   密集书库/ [索取号:I546.4/290:2] 在馆    
唐山师范学院图书馆 欢迎您!
大连网信软件有限公司© 版权所有